00305nam a2200121Ia 4500008004100000041000800041082001400049100001000063245004100073260003300114300001900147999001700166241015s9999 xx 000 0 und d aeng a658.4 UPP aUppal aContemporary Organizational Behavior bWiley IndiaaNew Delhic2022 a550;. p. 23 cm c41862d41862